Essential mathematics. (3rd ed.) (Record no. 62806)

MARC details
000 -LEADER
fixed length control field 01038nam a2200205 a 4500
008 - FIXED-LENGTH DATA ELEMENTS--GENERAL INFORMATION
fixed length control field 080109s1980 ||||||||||||||||| || u
020 ## - INTERNATIONAL STANDARD BOOK NUMBER
International Standard Book Number 0201038374
050 ## - LIBRARY OF CONGRESS CALL NUMBER
Classification number QA 39.2 Kee
100 ## - MAIN ENTRY--PERSONAL NAME
Personal name Keedy, Mervin L
245 10 - TITLE STATEMENT
Title Essential mathematics. (3rd ed.)
250 ## - EDITION STATEMENT
Edition statement 3rd ed.
260 ## - PUBLICATION, DISTRIBUTION, ETC.
Place of publication, distribution, etc. Reading,Mass.
Name of publisher, distributor, etc. Addison-Wesley
Date of publication, distribution, etc. 1980
300 ## - PHYSICAL DESCRIPTION
Extent xi, 642p. : ill.
350 ## -
-- 0.00
650 #0 - SUBJECT ADDED ENTRY--TOPICAL TERM
Topical term or geographic name entry element MATHEMATICS--STUDY AND TEACHING
995 ## -
-- BINDERY (DAMAGED)
-- 0.00
-- 713145
-- CBU-MAIN LIBRARY (Kitwe)
-- 1
-- 17.80
-- QA 39.2 Kee
-- 2
-- DAMAGED
-- 713145
-- Main Library Open Access Collection
995 ## -
-- BINDERY (DAMAGED)
-- 0.00
-- 713146
-- CBU-MAIN LIBRARY (Kitwe)
-- 2
-- 17.80
-- QA 39.2 Kee
-- 3
-- DAMAGED
-- 713146
-- Main Library Open Access Collection
995 ## -
-- BINDERY (DAMAGED)
-- 0.00
-- 713144
-- CBU-MAIN LIBRARY (Kitwe)
-- 3
-- 17.80
-- QA 39.2 Kee
-- 1
-- DAMAGED
-- 011146
-- Main Library Open Access Collection
995 ## -
-- BINDERY (DAMAGED)
-- 0.00
-- 713143
-- CBU-MAIN LIBRARY (Kitwe)
-- 4
-- 17.80
-- QA 39.2 Kee
-- 4
-- DAMAGED
-- 713143
-- Main Library Open Access Collection
999 ## -
-- 62806
-- 62806
Holdings
Withdrawn status Lost status Source of classification or shelving scheme Damaged status Not for loan Permanent Location Current Location Shelving location Date acquired Total Checkouts Full call number Barcode Date last seen Price effective from Koha item type
          CBU-MAIN LIBRARY, KITWE. CBU-MAIN LIBRARY, KITWE.   12/16/2022   QA 39.2 Kee 713145 12/16/2022 12/16/2022 MONOGRAPH
          CBU-MAIN LIBRARY, KITWE. CBU-MAIN LIBRARY, KITWE.   12/16/2022   QA 39.2 Kee 713146 12/16/2022 12/16/2022 MONOGRAPH
          CBU-MAIN LIBRARY, KITWE. CBU-MAIN LIBRARY, KITWE.   12/16/2022   QA 39.2 Kee 011146 12/16/2022 12/16/2022 MONOGRAPH
          CBU-MAIN LIBRARY, KITWE. CBU-MAIN LIBRARY, KITWE.   12/16/2022   QA 39.2 Kee 713143 12/16/2022 12/16/2022 MONOGRAPH